[Event "Leon"]
[Site "Leon"]
[Date "1994.??.??"]
[Round "8"]
[White "Romero Holmes, Alfonso"]
[Black "Sion Castro, Marcelino"]
[Result "0-1"]
[WhiteElo "2455"]
[BlackElo "2380"]

1.d4 Nf6 2.Bg5 Ne4 3.Bf4 d5 4.Nd2 Bf5 5.e3 e6 6.Bd3 Bd6 7.Bxe4 dxe4 8.Ne2 Nc6
9.Bxd6 cxd6 10.c4 O-O 11.Nc3 Qg5 12.g3 Nb4 13.O-O Qg6 14.f3 Bh3 15.Rf2 Nd3
16.Re2 Nxb2 17.Qb3 exf3 18.Nxf3 Nxc4 19.Nh4 Qh5 20.Qxc4 Rac8 21.Qb5 g5 22.Rc2 a6
23.Qa5 b6 24.Qxb6 gxh4 25.Qxd6 hxg3 26.hxg3 Bf5 27.e4 Bg6 28.Qf4 Qa5 29.Rac1 Rc4
30.Ne2 Rxc2 31.Rxc2 Qe1+ 32.Kh2 Qb1 33.Qd2 Bxe4 34.Rc1 Qb5 35.Rc5 Qd3 36.Qxd3 Bxd3
37.Nf4 Bb5 38.d5 Rd8 39.dxe6 Rd2+ 40.Kh3 fxe6 41.Kh4 Kf7 42.Kg5 Ke7 43.Re5 Bd7
44.Ra5 Bb5 45.a4 Ra2 46.Kh6 Rxa4 47.Rxa4 Bxa4 48.Kxh7 Kf6 49.Kh6 Kf5 50.Nd3 Bb5
51.Nc5 e5 52.Kh5 e4 53.g4+ Kf4 54.g5 e3 55.g6 Bc4  0-1

[Event "Linares NL"]
[Site "Linares"]
[Date "1994.??.??"]
[Round "10"]
[White "Miles, Anthony J"]
[Black "Martin del Campo, Roberto"]
[Result "1-0"]
[WhiteElo "2600"]
[BlackElo "2450"]

1.d4 Nf6 2.Bg5 Ne4 3.Bf4 c5 4.f3 Qa5+ 5.c3 Nf6 6.Nd2 cxd4 7.Nb3 Qb6 8.cxd4 e6
9.e4 Bb4+ 10.Bd2 Nc6 11.Ne2 a5 12.Bxb4 axb4 13.g4 d6 14.Qd2 Bd7 15.Bg2 Na5
16.Nxa5 Rxa5 17.Ng3 O-O 18.g5 Ne8 19.O-O Nc7 20.Kh1 Rfa8 21.b3 Ra3 22.f4 Nb5
23.d5 Nc3 24.dxe6 Bxe6 25.f5 Rxa2 26.Rxa2 Rxa2 27.Qf4 Bxb3 28.g6 Bc4 29.gxh7+ Kh8
30.f6 Qd4 31.Qg5 g6 32.Qh6  1-0

[Event "Paris-London"]
[Site "London"]
[Date "1994.??.??"]
[Round "1"]
[White "Kinsman, Andrew PH"]
[Black "Vareille, Francois"]
[Result "1-0"]
[WhiteElo "2375"]
[BlackElo "2430"]

1.d4 Nf6 2.Bg5 Ne4 3.Bf4 d5 4.f3 Nf6 5.e4 e6 6.e5 Nfd7 7.Be3 c5 8.c3 Nc6
9.f4 Be7 10.Nf3 O-O 11.Bd3 f5 12.h3 c4 13.Bc2 b5 14.a3 a5 15.g4 Nb6 16.Nbd2 Bd7
17.Rg1 b4 18.Nf1 Na7 19.axb4 axb4 20.gxf5 exf5 21.Ng3 bxc3 22.bxc3 Nb5 23.Rxa8 Qxa8
24.Bd2 Qa3 25.Ne2 Qa5 26.Kf2 Na3 27.Ng3 Na4 28.e6 Nxc2 29.exd7 Na3 30.Qe1 Qd8
31.Qe6+ Kh8 32.Nxf5 Bf6 33.Ra1 Nb5 34.Rxa4 Nc7 35.Qc6 g6 36.Nd6 Bh4+ 37.Kg2 Qe7
38.Ne5 Ne6 39.Ra8 Rxa8 40.Qxa8+ Kg7 41.Ndf7  1-0

[Event "Lloyds Bank op"]
[Site "London"]
[Date "1994.??.??"]
[Round "2"]
[White "Dunworth, Christopher"]
[Black "De la Villa Garcia, Jesus Maria"]
[Result "0-1"]
[WhiteElo "2220"]
[BlackElo "2490"]

1.d4 Nf6 2.Bg5 Ne4 3.Bf4 d5 4.f3 Nf6 5.e4 e6 6.Bg5 h6 7.Bxf6 Qxf6 8.e5 Qd8
9.f4 c5 10.c3 Qb6 11.Qb3 Nc6 12.Nf3 Bd7 13.Na3 Qa5 14.Qb5 cxd4 15.Qxa5 Nxa5
16.cxd4 Rc8 17.Nb1 Rc2 18.b3 Rc1+ 19.Kd2 Ba3 20.b4 Nc4+  0-1

[Event "Lloyds Bank op"]
[Site "London"]
[Date "1994.??.??"]
[Round "8"]
[White "Dunworth, Christopher"]
[Black "Cafferty, Bernard"]
[Result "1/2-1/2"]
[WhiteElo "2220"]
[BlackElo "2310"]

1.d4 Nf6 2.Bg5 Ne4 3.h4 d5 4.Nd2 Nxg5 5.hxg5 Nc6 6.e3 e5 7.dxe5 Nxe5 8.Ndf3 Ng6
9.Qd4 c6 10.Bd3 Qd6 11.O-O-O Qc5 12.Ne2 Qxd4 13.Nexd4 Bd6 14.c4 dxc4 15.Bxg6 fxg6
16.Nxc6 Bc7 17.Nce5 O-O 18.Rd4 Be6 19.Rdh4 Bxe5 20.Nxe5 Rxf2 21.Rxh7 Kf8
22.Nxg6+ Kf7 23.Ne5+ Kf8 24.Rh8+ Bg8 25.g6 Rd8 26.Nf7 Rxf7 27.gxf7 Kxf7 28.Rf1+ Kg6
29.Rf2 b5 30.e4 Rc8 31.e5 c3 32.bxc3 Rxc3+ 33.Kb2 Rc8 34.Rc2 Rxc2+ 35.Kxc2 Bxa2
36.Ra8 Bd5 37.Rxa7 Bxg2 38.Kc3 Bd5 39.Kd4 Bc4 40.Kc5 Kf5 41.Kd6 g5 42.Ra8 g4
43.e6 Bxe6 44.Rf8+ Ke4 45.Kxe6 g3 46.Rg8 Kf3 47.Ke5 g2 48.Kd4 Kf2 49.Kc5 g1=Q
50.Rxg1 Kxg1 51.Kxb5 Kf2  1/2-1/2

[Event "SWZ-ch op"]
[Site "Luzern"]
[Date "1994.??.??"]
[Round "?"]
[White "Savchenko, Stanislav"]
[Black "Golubev, Mihail"]
[Result "1-0"]
[WhiteElo "2570"]
[BlackElo "2545"]

1.d4 Nf6 2.Bg5 Ne4 3.Bf4 c5 4.f3 Nf6 5.d5 e6 6.e4 exd5 7.exd5 d6 8.Nc3 Be7
9.Qd2 O-O 10.O-O-O a6 11.Nge2 b5 12.Ng3 c4 13.Be2 Nbd7 14.Nf5 Nc5 15.Nxe7+ Qxe7
16.Rhe1 Qc7 17.Bg5 Nfd7 18.Be7 Re8 19.Bxc4 Bb7 20.Bb3 f6 21.Re6 Nxe6 22.dxe6 Nc5
23.Bxd6 Nxb3+ 24.axb3 Qc8 25.e7 Qe6 26.Kb1 Rac8 27.b4 Qc4 28.Ne2 Rc6 29.Nf4 Qf7
30.b3 g5 31.Ne2 Qe6 32.Ng3 Rcc8 33.Bc5 a5 34.Re1 Qa6 35.Qd6 Qxd6 36.Bxd6 Rc6
37.Bc5 Bc8 38.Ne4 axb4 39.Nd6 Rxd6 40.Bxd6 Bf5 41.Bxb4 Kf7 42.Rd1  1-0

[Event "SWZ-ch int"]
[Site "Luzern"]
[Date "1994.??.??"]
[Round "5"]
[White "Landenbergue, Claude"]
[Black "Nemet, Ivan"]
[Result "0-1"]
[WhiteElo "2450"]
[BlackElo "2425"]

1.d4 Nf6 2.Bg5 Ne4 3.Bf4 d5 4.Nd2 Bf5 5.Nxe4 Bxe4 6.e3 e6 7.Ne2 Nc6 8.Ng3 Bg6
9.a3 a6 10.h4 f6 11.c4 h6 12.h5 Bh7 13.Bd3 Bxd3 14.Qxd3 dxc4 15.Qg6+ Kd7
16.Qe4 Bd6 17.Rd1 Qe7 18.O-O Rad8 19.Bxd6 cxd6 20.d5 exd5 21.Qf3 Qe5 22.Rxd5 Qxb2
23.Qg4+ Kc7 24.Qxg7+ Kb8 25.Rxd6 Rxd6 26.Qxh8+ Ka7 27.Qxh6 c3 28.Ne4 Re6
29.Nc5 Re7 30.Qxf6 Qxa3 31.Nd3 c2 32.Nc1 Qc5 33.h6 Qh5 34.Qf4 Rh7 35.g4 Qg6
36.g5 Rxh6 37.Qg3 Rh8 38.f4 Qe4 39.Qf3 Qc4 40.Qe2 Qe4 41.Qf3 Qh7 42.Qg2 Ne7
43.e4 Ng6 44.f5 Nh4 45.Qg3 Nxf5 46.exf5 Qh1+ 47.Kf2 Rh2+  0-1

[Event "UKR-JUG"]
[Site "Lvov"]
[Date "1994.??.??"]
[Round "?"]
[White "Kosic, Dragan"]
[Black "Timoshenko, Georgy"]
[Result "0-1"]
[WhiteElo "2525"]
[BlackElo "2550"]

1.d4 Nf6 2.Bg5 Ne4 3.h4 c5 4.dxc5 Nxg5 5.hxg5 e6 6.Nf3 Bxc5 7.e3 Qb6 8.Nbd2 d5
9.Nb3 Bb4+ 10.c3 Be7 11.g6 fxg6 12.Bd3 O-O 13.Ne5 Qd6 14.Nxg6 hxg6 15.Bxg6 Qe5
16.Qd3 Qg5 17.O-O-O Rf6 18.Bh7+ Kf7 19.f4 Qg4 20.Nd4 Nc6 21.Nf3 Rh6 22.c4 Rxh1
23.Rxh1 Bf6 24.cxd5 Qxg2 25.dxe6+ Kf8 26.e7+ Kxe7 27.Qe4+ Be6 28.Rh2 Qf1+
29.Kc2 Rc8  0-1

[Event "Madrid"]
[Site "Madrid"]
[Date "1994.??.??"]
[Round "9"]
[White "Sokolov, Ivan"]
[Black "Illescas Cordoba, Miguel"]
[Result "1/2-1/2"]
[WhiteElo "2650"]
[BlackElo "2590"]

1.d4 Nf6 2.Bg5 Ne4 3.Bf4 d5 4.Nd2 Bf5 5.Nxe4 Bxe4 6.e3 e6 7.Ne2 Bd6 8.Ng3 Bxf4
9.exf4 Qd6 10.Nxe4 dxe4 11.Qd2 O-O 12.Be2 c5 13.dxc5 Qxc5 14.c3 Nc6 15.Qe3 Qxe3
16.fxe3 Rfd8 17.Kf2 Rd2 18.Rab1 Rad8 19.Rhd1 f5 20.Ke1 Rxd1+  1/2-1/2

[Event "Wch U20 Girls"]
[Site "Matinhos"]
[Date "1994.??.??"]
[Round "?"]
[White "Berntsen, Sheila Barth"]
[Black "Benderac, Ana"]
[Result "1-0"]
[WhiteElo "2080"]
[BlackElo "2125"]

1.d4 Nf6 2.Bg5 Ne4 3.h4 h6 4.Bf4 d5 5.Nd2 Bf5 6.e3 c6 7.Bd3 Qa5 8.Ne2 e6
9.Bxe4 Bxe4 10.O-O Bh7 11.c4 Be7 12.Bg3 dxc4 13.Nxc4 Qh5 14.Qb3 Qb5 15.Nc3 Qxb3
16.axb3 Nd7 17.Na5 O-O-O 18.Rfc1 e5 19.Nc4 exd4 20.Rxa7  1-0

[Event "Wch U20 Girls"]
[Site "Matinhos"]
[Date "1994.??.??"]
[Round "?"]
[White "Berntsen, Sheila Barth"]
[Black "Repkova Eid, Eva"]
[Result "1/2-1/2"]
[WhiteElo "2080"]
[BlackElo "2295"]

1.d4 Nf6 2.Bg5 Ne4 3.h4 c5 4.dxc5 Qa5+ 5.Nd2 e6 6.c3 Nxg5 7.hxg5 Qxc5 8.g6 fxg6
9.e3 Be7 10.Bd3 O-O 11.Qg4 Qd5 12.Bc2 Nc6 13.Rxh7 Ne5 14.Qh3 Rxf2 15.Rh8+ Kf7
16.Kxf2 Qxd2+ 17.Kg3 Qxe3+ 18.Kh2 Qf4+ 19.Qg3 Ng4+ 20.Kh3 Nf2+ 21.Kh2 Ng4+
22.Kh3 Qxg3+ 23.Kxg3 Nh6 24.Nf3 d6 25.Rf1 Nf5+ 26.Kh2 Bf6 27.Bb3 g5 28.Nxg5+ Bxg5
29.Rxf5+ Bf6 30.Rf2 b6 31.g4 Ke7 32.g5 Be5+ 33.Kh3 Bb7 34.Rxa8 Bxa8 35.Bc2 Bd5
36.a3 Bc4 37.Bg6 a5 38.Rf7+ Kd8 39.Rb7 Kc8 40.Re7 Kd8 41.Ra7 Bb5 42.Bf7 Bd7
43.Kg4 d5 44.Kh5 a4 45.Kg6 Ke7 46.Ra8 Bb5 47.Ra7+ Kd6 48.Rb7 Bd3+ 49.Kh5 Kc6
50.Ra7 d4 51.Rxa4 Be2+ 52.Kh4 d3 53.Bxe6 d2 54.Bb3 d1=Q 55.Bxd1 Bxd1 56.Ra7 g6
57.Re7 Bd6 58.Re1 Bc2 59.Kg4 Kd5 60.Kf3 Kc4 61.Re6 Kd5 62.Re1 b5 63.Rc1 Be4+
64.Ke3 Ke5 65.c4 Be7 66.Ke2 Bxg5 67.Rc3 bxc4 68.Rxc4 Bf4 69.a4 g5 70.a5 Bb7  1/2-1/2

[Event "Mecklenburg-Hessen"]
[Site "Mecklenburg"]
[Date "1994.??.??"]
[Round "?"]
[White "Majer, Damir"]
[Black "Westphal, Matthias"]
[Result "1-0"]
[WhiteElo "2295"]
[BlackElo "2310"]

1.d4 Nf6 2.Bg5 Ne4 3.Bf4 c5 4.f3 Qa5+ 5.c3 Nf6 6.Nd2 cxd4 7.Nb3 Qf5 8.Bxb8 Rxb8
9.Qxd4 b6 10.e4 Qf4 11.Ne2 Qc7 12.e5 Ng8 13.O-O-O Nh6 14.Ng3 Bb7 15.Ne4 Nf5
16.Qa4 a6 17.Bd3 g6 18.f4 Bh6 19.g3 Qxe5 20.Rhe1 Bc6 21.Qxa6 O-O 22.Nf2 Qc7
23.Bxf5 gxf5 24.Rxe7 Ra8 25.Qc4 Ra4 26.Qd3 Rxa2 27.Qxf5 Ba4 28.Rexd7 Bxd7
29.Rxd7 Qc4 30.Ne4 Kg7 31.Qe5+  1-0

[Event "Metz op"]
[Site "Metz"]
[Date "1994.??.??"]
[Round "2"]
[White "Hodgson, Julian M"]
[Black "Anka, Emil"]
[Result "1-0"]
[WhiteElo "2570"]
[BlackElo "2390"]

1.d4 Nf6 2.Bg5 Ne4 3.Bf4 c5 4.f3 Qa5+ 5.c3 Nf6 6.Nd2 cxd4 7.Nb3 Qb6 8.cxd4 d5
9.e3 Nc6 10.Ne2 a5 11.Nc3 a4 12.Nd2 Qa5 13.Nb5 e5 14.dxe5 Nh5 15.Bg5 h6 16.Bh4 g5
17.Bf2 Nxe5 18.Rc1 Nc4 19.Nc3 Nd6 20.Bd3 Be7 21.O-O Be6 22.Bc2 b5 23.e4 dxe4
24.Ndxe4 Nxe4 25.Bxe4 Rd8 26.Qe1 Bc4 27.Nxb5 Qxe1 28.Bc6+ Kf8 29.Rfxe1 Bxa2
30.Nc3 Bb3 31.Nxa4 Bxa4 32.Bxa4 Nf4 33.Rc7 Bf6 34.Bb3 Rh7 35.Bc2 Rh8 36.b4 Kg7
37.b5 Nd3 38.Bxd3 Rxd3 39.b6 Rb3 40.h4 Rb8 41.h5 Bd8 42.Bd4+ Kf8 43.Rd1 Bxc7
44.bxc7 Rc8 45.Be5 Ke7 46.Rd8  1-0

[Event "Metz op"]
[Site "Metz"]
[Date "1994.??.??"]
[Round "3"]
[White "Gallagher, Joseph G"]
[Black "Forster, Richard"]
[Result "1/2-1/2"]
[WhiteElo "2485"]
[BlackElo "2330"]

1.d4 Nf6 2.Bg5 Ne4 3.Bf4 c5 4.f3 Qa5+ 5.c3 Nf6 6.Nd2 cxd4 7.Nb3 Qb6 8.cxd4 d5
9.e3 Nc6 10.Ne2 e5 11.Bxe5 Nxe5 12.dxe5 Qxe3 13.Qd4 Qxd4 14.Nexd4 Bb4+ 15.Kf2 Nd7
16.Nb5 Kd8 17.Rc1 Nxe5 18.Nc7 Rb8 19.Nxd5 Bd6 20.Be2 Be6 21.Rhd1 Rc8 22.Nf4 Ke7
23.Nxe6 fxe6 24.g3 Nc6 25.a3 Be5 26.Rc2 Rhd8 27.Rdc1 Rd5 28.Bc4 Nd4 29.Bxd5 Rxc2+
30.Rxc2 Nxc2 31.Be4 Nd4 32.Nc1 Nc6 33.Nd3 Bd4+ 34.Ke2 h6 35.f4 Na5 36.b4 Nc4
37.Bxb7 Nxa3 38.Kf3 Nc4 39.Ba6 Nd6 40.Ne5 Kf6 41.Nc6 Bg1 42.Bd3 g5 43.Ne5 h5
44.h3 gxf4 45.Kxf4 Bd4 46.Nd7+ Ke7 47.Ne5 Kf6 48.Nc6 e5+ 49.Kf3 Bb6 50.Be2 Nf5
51.Kg2 h4 52.gxh4  1/2-1/2

[Event "Metz op"]
[Site "Metz"]
[Date "1994.??.??"]
[Round "7"]
[White "Legky, Nikolay A"]
[Black "Anka, Emil"]
[Result "0-1"]
[WhiteElo "2525"]
[BlackElo "2390"]

1.d4 Nf6 2.Bg5 Ne4 3.Bf4 c5 4.f3 Qa5+ 5.c3 Nf6 6.d5 Qb6 7.b3 d6 8.e4 e5 9.dxe6 Bxe6
10.Na3 Nc6 11.Nc4 Bxc4 12.Bxc4 Be7 13.Nh3 O-O 14.Be3 Qa5 15.Qd2 Ne5 16.Be2 Ng6
17.O-O Rfd8 18.b4 Qc7 19.Nf4 Nxf4 20.Bxf4 Nh5 21.Be3 Nf6 22.bxc5 d5 23.Bd4 dxe4
24.fxe4 Nxe4 25.Qe3 Nxc3 26.Qxc3 Rxd4 27.Rf5 Rad8 28.Raf1 Bf6 29.Qb3 Rh4
30.h3 Re4 31.Bc4 Rd7 32.Kh1 Re5 33.Rxe5 Qxe5 34.Qa4 Re7 35.Qxa7 b5 36.Qa8+ Re8
37.Bxf7+ Kxf7 38.Qb7+ Re7 39.Qxb5 Rc7 40.Qb3+ Qe6 41.Rc1 Qxb3 42.axb3 Ke6
43.b4 Kd5 44.g4 Kc6 45.Rf1 Rb7 46.Rf5 Bc3 47.Kg2 Bxb4 48.h4 Bxc5 49.h5 Be7
50.Kf3 h6 51.Ra5 Kd6  0-1

[Event "Fide Mercenarios 1st"]
[Site "MEX"]
[Date "1994.??.??"]
[Round "8"]
[White "Busto, Busto Hector"]
[Black "Vaca Kram, Luis"]
[Result "1-0"]
[WhiteElo "2000"]
[BlackElo "2000"]

1.d4 Nf6 2.Bg5 Ne4 3.Bf4 g6 4.f3 Nf6 5.e4 d6 6.Nc3 Bg7 7.Qd2 c6 8.Bh6 O-O
9.O-O-O b5 10.h4 b4 11.Nce2 Qa5 12.Kb1 Be6 13.Nc1 Nbd7 14.Nge2 Rab8 15.h5 gxh5
16.d5 Nxd5 17.exd5 Bf5 18.Bxg7 Kxg7 19.Qg5+ Bg6 20.Nf4 b3 21.Nxb3 Rxb3 22.axb3 Nc5
23.Nxg6 hxg6 24.Rxh5  1-0

[Event "Minsk"]
[Site "Minsk"]
[Date "1994.??.??"]
[Round "7"]
[White "Aleksandrov, Aleksej"]
[Black "Malisauskas, Vidmantas"]
[Result "1-0"]
[WhiteElo "2535"]
[BlackElo "2525"]

1.d4 Nf6 2.Bg5 Ne4 3.Bh4 c6 4.c3 Qb6 5.Qc2 d5 6.f3 Nd6 7.e4 c5 8.Bf2 cxd4
9.cxd4 Nc6 10.Nc3 Qa5 11.a3 dxe4 12.fxe4 e5 13.Nf3 exd4 14.Nxd4 Be7 15.Bd3 Bf6
16.Nxc6 bxc6 17.O-O Be5 18.Nb5 O-O 19.Qxc6 Ba6 20.Qc5 Bxb2 21.Ra2 Nb7 22.Qb4 Be5
23.Rb1 Qd8 24.Bf1 Qf6 25.Nxa7 Qh6 26.g3 Bxf1 27.Rxf1 Nd8 28.Qc5 Qe6 29.Qd5 Rb8
30.a4 Rb2 31.Rxb2 Bxb2 32.a5 Qa6 33.Qb5 Qxb5 34.Nxb5 Nc6 35.a6 Ra8  1-0

[Event "Mlada Boleslav op"]
[Site "Mlada Boleslav"]
[Date "1994.??.??"]
[Round "5"]
[White "Hladik, Lumir"]
[Black "Freisler, Pavel"]
[Result "0-1"]
[WhiteElo "2175"]
[BlackElo "2380"]

1.d4 Nf6 2.Bg5 Ne4 3.Bf4 c5 4.d5 d6 5.Nd2 Nf6 6.e4 g6 7.c3 Bg7 8.Bd3 O-O
9.Ne2 e6 10.dxe6 Bxe6 11.Ng3 d5 12.O-O Nc6 13.Qc2 d4 14.c4 Nb4 15.Qb1 Nd7
16.a3 Nxd3 17.Qxd3 a5 18.Nf3 b5 19.cxb5 c4 20.Qd2 Nc5 21.Bh6 Nb3 22.Qf4 Nxa1
23.Rxa1 f6 24.Bxg7 Kxg7 25.e5 d3 26.Nd4 Qd5 27.Re1 fxe5 28.Nxe6+ Qxe6 29.Qg5 Rae8
30.Re4 h6 31.Qd2 a4 32.Rh4 Rf4 33.Rxf4 exf4 34.Qxf4 Rf8 35.Qd2 Kh7 36.Nf1 Qe2
37.Qe3 Qxe3 38.fxe3 Rb8 39.Nd2 Rxb5 40.Nxc4 Rc5  0-1

[Event "Mlada Boleslav op"]
[Site "Mlada Boleslav"]
[Date "1994.??.??"]
[Round "7"]
[White "Hladik, Lumir"]
[Black "Janakiev, Ivan"]
[Result "0-1"]
[WhiteElo "2175"]
[BlackElo "2325"]

1.d4 Nf6 2.Bg5 Ne4 3.Bf4 d5 4.f3 Nf6 5.e4 dxe4 6.Nc3 exf3 7.Nxf3 c6 8.Bc4 Nbd7
9.Ng5 e6 10.Bxe6 fxe6 11.Nxe6 Qe7 12.O-O Qxe6 13.Re1 Nb6 14.Qf3 Bb4 15.Rxe6+ Bxe6
16.Re1 Kf7 17.Rf1 Bxc3 18.bxc3 Bc4 19.Rf2 Rhe8 20.Be5 Nd7 21.Qg3 Re6 22.h4 Rae8
23.Qf4 Kg8 24.g4 R6e7 25.g5 Nd5 26.Qg4 Nxe5 27.dxe5 Ne3 28.Qd4 Rxe5 29.Rf4 a5
30.Qd7 R5e7 31.Qd6 Bxa2 32.Qc5 b5 33.Qxc6 Bc4 34.h5 a4 35.h6 a3 36.hxg7 a2
37.Qa6 Nxc2 38.Qh6 a1=Q+ 39.Kg2 Re2+  0-1

[Event "Moscow ol (Men)"]
[Site "Moscow"]
[Date "1994.??.??"]
[Round "3"]
[White "Miladinovic, Igor"]
[Black "Sulskis, Sarunas"]
[Result "1/2-1/2"]
[WhiteElo "2500"]
[BlackElo "2455"]

1.d4 Nf6 2.Bg5 Ne4 3.h4 c5 4.dxc5 Nc6 5.Nd2 Nxc5 6.e4 d6 7.Ngf3 Bg4 8.c3 g6
9.Be3 Bg7 10.Bxc5 dxc5 11.Qb3 Qc7 12.Qd5 O-O 13.Qxc5 Rad8 14.Qe3 Ne5 15.Nd4 Nc6
16.Nxc6 Qxc6 17.Be2 Bxe2 18.Qxe2 b5 19.Rh3 b4 20.Kf1 bxc3 21.bxc3 Bxc3 22.Rc1 Qd7
23.Nc4 Bg7 24.h5 Rc8 25.hxg6 hxg6 26.Rd1 Qe6 27.Na5 Rfd8 28.Rxd8+ Rxd8 29.Nb3 Qd6
30.g4 Qd1+ 31.Qxd1 Rxd1+ 32.Ke2 Rg1 33.Rd3 Rxg4 34.Rd8+ Kh7 35.Kf3 f5 36.Nc5 Rg1
37.Rd7 Rc1 38.Ne6 Bf6 39.exf5 gxf5 40.Rxa7 Rc6 41.Nf4 Rc3+ 42.Kg2 Rc2 43.Nd5  1/2-1/2

[Event "Moscow op"]
[Site "Moscow"]
[Date "1994.??.??"]
[Round "5"]
[White "Drozdov, Igor"]
[Black "Kochetkov, German"]
[Result "0-1"]
[WhiteElo "2410"]
[BlackElo "2295"]

1.d4 Nf6 2.Bg5 Ne4 3.Bf4 c5 4.f3 Nf6 5.d5 d6 6.e4 e5 7.dxe6 Bxe6 8.Nc3 Nc6
9.Bb5 Be7 10.Nge2 O-O 11.Bxc6 bxc6 12.g4 d5 13.e5 Nd7 14.h4 Qb8 15.Qd2 Nxe5
16.Bxe5 Qxe5 17.f4 Qb8 18.f5 d4 19.Ne4 Bd5 20.f6 Bxe4 21.fxe7 Re8 22.Rf1 Qxb2
23.Rc1 Rxe7 24.Kf2 d3 25.Nc3 Qb8 26.Nxe4 Rxe4 27.Qxd3 Qh2+ 28.Kf3 Rf4+  0-1

[Event "Moscow2"]
[Site "Moscow"]
[Date "1994.??.??"]
[Round "5"]
[White "Nesterov, Jakov"]
[Black "Gagarin, Vasilij"]
[Result "1-0"]
[WhiteElo "2460"]
[BlackElo "2425"]

1.d4 Nf6 2.Bg5 Ne4 3.Bf4 c5 4.f3 Qa5+ 5.c3 Nf6 6.Nd2 cxd4 7.Nb3 Qb6 8.Qxd4 Nc6
9.Qxb6 axb6 10.e4 d5 11.exd5 Nxd5 12.Bd2 e5 13.a3 Bf5 14.Rc1 Be7 15.Ne2 O-O
16.c4 Nf4 17.Ng3 Nd3+ 18.Bxd3 Bxd3 19.Rc3 Bg6 20.Be3 Bd8 21.O-O f5 22.Bf2 Bc7
23.Rd1 e4 24.fxe4 fxe4 25.Be3 Rad8 26.Rxd8 Rxd8 27.Nd2 Be5 28.Rb3 Nd4 29.Rxb6 Nc2
30.Ndf1 Rd1 31.Kf2 Nxe3 32.Nxe3 Bd4 33.Rb3 Rd2+ 34.Ke1 Rxb2 35.Rxb2 Bxb2
36.a4 Kf7 37.Nd5 Be5 38.Kf2 Bd4+ 39.Ke2 h5 40.a5 h4 41.Nf1 Bh5+ 42.Kd2 g5
43.Nfe3 h3 44.gxh3 Bf3 45.Ke1 Be5 46.Ng4 Bd6 47.Kd2 Ke6 48.Kc3 Bc5 49.Nge3 Kd6
50.h4 gxh4 51.Nf5+ Ke5 52.Nxh4 Be2 53.Ng2 Bg1 54.h4 Bd4+ 55.Kb4 Bf2 56.Ngf4 Bg4
57.h5 e3 58.h6 Bf5 59.Kb5 Ke4 60.Ne2 Kd3 61.Ndf4+ Ke4 62.c5 Be1 63.Kb6 Bg3
64.Nxg3+ Kxf4 65.c6 bxc6 66.Ne2+ Kf3 67.Nc3 c5 68.a6  1-0

[Event "Moscow ol (Men)"]
[Site "Moscow"]
[Date "1994.??.??"]
[Round "11"]
[White "Miladinovic, Igor"]
[Black "Adams, Michael"]
[Result "0-1"]
[WhiteElo "2500"]
[BlackElo "2640"]

1.d4 Nf6 2.Bg5 Ne4 3.h4 c5 4.dxc5 Na6 5.Qd4 Qa5+ 6.c3 Nxg5 7.hxg5 Qxc5 8.Nf3 Qxd4
9.Nxd4 g6 10.e4 Bg7 11.Nd2 Nc7 12.Bc4 b5 13.Bd3 b4 14.Ke2 Rb8 15.Rac1 bxc3
16.bxc3 Rb2 17.Rc2 Rb6 18.Nc4 Rb8 19.f4 O-O 20.g3 d5 21.Na5 dxe4 22.Bxe4 Rb6
23.Ndc6 Re8 24.Kf3 Nb5 25.Nc4 Rb7 26.N6e5 Rc7 27.Bc6 Rd8 28.Re1 Bf5 29.Rcc1 Nd6
30.Na5 Bxe5 31.Rxe5 Rdc8 32.Ba4 Rxc3+ 33.Rxc3 Rxc3+ 34.Re3 Rc5 35.Re5 Rc3+
36.Re3 Be4+ 37.Kf2 Rc5 38.Nb3 Rc4 39.Bd7 Kf8 40.Bh3 Bd5 41.Ke1 Rc2 42.a3 Ne4
43.Nd4 Rc1+ 44.Ke2  0-1

[Event "Moscow ol (Men)"]
[Site "Moscow"]
[Date "1994.??.??"]
[Round "13"]
[White "Hergott, Deen"]
[Black "Belotti, Bruno"]
[Result "1-0"]
[WhiteElo "2430"]
[BlackElo "2455"]

1.d4 Nf6 2.Bg5 Ne4 3.Bf4 c5 4.f3 Qa5+ 5.c3 Nf6 6.Nd2 cxd4 7.Nb3 Qf5 8.Bxb8 Rxb8
9.Qxd4 b6 10.e4 Qf4 11.Nh3 Qc7 12.e5 Ng8 13.Nf2 Bb7 14.O-O-O Nh6 15.Bb5 Rd8
16.Ne4 Nf5 17.Qd3 g6 18.g4 Bh6+ 19.Kb1 Ng7 20.g5 Bxg5 21.Nxg5 Qxe5 22.Bxd7+ Kf8
23.Qb5  1-0

[Event "JUG-chT"]
[Site "Nis"]
[Date "1994.??.??"]
[Round "?"]
[White "Todorovic, Goran M"]
[Black "Nestorovic, Dejan"]
[Result "1/2-1/2"]
[WhiteElo "2455"]
[BlackElo "2365"]

1.d4 Nf6 2.Bg5 Ne4 3.Bf4 d5 4.f3 Nf6 5.Nc3 Bf5 6.g4 Bg6 7.h4 h6 8.e3 e6 9.Bd3 Bxd3
10.Qxd3 a6 11.O-O-O c5 12.dxc5 Nbd7 13.e4 dxe4 14.Nxe4 Nxe4 15.Qxe4 Qc8 16.Ne2 Bxc5
17.Nc3 Be7 18.g5 Qc6 19.Qd4 hxg5 20.Bxg5 Bxg5+ 21.hxg5 Rxh1 22.Rxh1 O-O-O
23.Rd1 Qxf3 24.Ne4 Qf4+ 25.Kb1 Kb8 26.b3 Rc8 27.Nd6 Qxd4 28.Rxd4 Rf8 29.Nxb7 Kc7
30.Nd6 f5 31.gxf6 gxf6 32.Ne4 f5 33.Rc4+ Kb6 34.Ng5 e5 35.Kc1 Rg8 36.Nf3 Rg3
37.Nh4 f4 38.Kd2 Rh3 39.Nf5 Rh2+ 40.Ke1 Nc5 41.b4 Ne6 42.a4 Ng5 43.Nd6 Nf3+
44.Kf1 Nd2+ 45.Kg1 Nf3+ 46.Kf1 Nd2+ 47.Kg1 Nf3+  1/2-1/2

[Event "JUG-chT"]
[Site "Nis"]
[Date "1994.??.??"]
[Round "?"]
[White "Knezevic, Bojan"]
[Black "Tosic, Miroslav"]
[Result "0-1"]
[WhiteElo "2385"]
[BlackElo "2445"]

1.d4 Nf6 2.Bg5 Ne4 3.h4 c5 4.dxc5 Nxg5 5.hxg5 e6 6.Qd2 Bxc5 7.e4 Qb6 8.Nc3 Nc6
9.Nh3 Qa5 10.Nf4 g6 11.Nd3 Bd4 12.Ne2 Qxd2+ 13.Kxd2 Bg7 14.g3 h6 15.gxh6 Bxh6+
16.Kd1 d6 17.Bg2 Ke7 18.c3 Bd7 19.Kc2 Rac8 20.Rh2 Bg7 21.Rxh8 Bxh8 22.Rh1 b5
23.Kd2 a5 24.f4 Bf6 25.Bf3 b4 26.c4 Nd4 27.Nxd4 Bxd4 28.Rc1 Bc6 29.Ke2 Rh8
30.c5 dxc5 31.Nxc5 Bb5+ 32.Kd1 Bxb2 33.Rc2 Bc3 34.e5 Rc8 35.Nb3 a4 36.Nd2 Bd3
37.Rc1 Rd8  0-1

[Event "NLD-sf"]
[Site "?"]
[Date "1994.??.??"]
[Round "3"]
[White "Tondivar, Babak"]
[Black "Oei, Hway Ik"]
[Result "0-1"]
[WhiteElo "2315"]
[BlackElo "2265"]

1.d4 Nf6 2.Bg5 Ne4 3.Bf4 c5 4.d5 d6 5.f3 Qa5+ 6.c3 Nf6 7.e4 Qc7 8.c4 g6 9.Nc3 a6
10.Bd3 Bg7 11.Nge2 O-O 12.a4 e6 13.Qd2 exd5 14.exd5 Re8 15.O-O Nbd7 16.b3 Ne5
17.Bc2 Bd7 18.Be3 Nh5 19.g4 Bxg4 20.fxg4 Nxg4 21.Bf4 Qe7 22.Rae1 Nxf4 23.Nxf4 Bd4+
24.Qxd4 Qxe1 25.Qd3 Qh4 26.Qd2 Ne3 27.Bd3 Nxf1 28.Bxf1 Re5 29.Qf2 Qg4+ 30.Qg3 Qxg3+
31.hxg3 Re3 32.Nfe2 Rae8 33.Kf2 f5 34.Bg2 Rd3 35.g4 Kf7 36.gxf5 gxf5 37.a5 Kf6
38.Bf1 Kg5 39.Bg2 Rd2 40.Bf3 Rb2  0-1

[Event "BCF-ch"]
[Site "Norwich"]
[Date "1994.??.??"]
[Round "7"]
[White "Mortazavi, Ali"]
[Black "Lodhi, Mahmood"]
[Result "1/2-1/2"]
[WhiteElo "2350"]
[BlackElo "2475"]

1.d4 Nf6 2.Bg5 Ne4 3.Bf4 d5 4.Nd2 Bf5 5.e3 e6 6.f3 Nxd2 7.Qxd2 Nd7 8.Bd3 Bxd3
9.cxd3 c5 10.dxc5 e5 11.Bg3 Bxc5 12.d4 exd4 13.exd4 Qe7+ 14.Kf2 Bb4 15.Qe3 Rc8
16.Ne2 Qxe3+ 17.Kxe3 Nb6 18.b3 Kd7 19.Rac1 Ba3 20.Rxc8 Rxc8 21.Kd3 a6 22.Be1 Bd6
23.Bg3 Ba3 24.Be1 Rc6 25.Bd2 Rg6 26.Nf4 Rf6 27.Nh5 Rg6 28.Nf4 Rf6 29.Ne2 Rc6
30.Bc1 Be7 31.Bd2 Na8 32.Bf4 Rg6 33.Bg3 Bd6 34.Bxd6 Kxd6 35.Nf4 Rh6 36.h3 Nc7
37.Rc1 g5 38.Ne2 Ne6 39.Rc8 Rg6 40.Rb8 Kc6 41.Rh8 Rg7 42.g3 f5 43.Re8 Kd7
44.Rh8 Kd6 45.Re8 Kd7 46.Rh8 Re7 47.Kd2 Kd6 48.Rg8 Rf7 49.h4 gxh4 50.gxh4 Rf6
51.Kd3 f4 52.Rb8 Kc7 53.Rh8 Rh6 54.Nc3 Rh5 55.a4 Kc6 56.Re8 Kd7 57.Rg8 Kd6
58.Rb8 Kc6 59.Re8 Kd7 60.Rg8 Rxh4 61.Nxd5 Rh1 62.Nc3 Rf1 63.d5 Rxf3+ 64.Kc4 Nc5
65.Rg7+ Kd6 66.Rxh7 Re3 67.Rh6+ Kc7 68.Rh7+ Kd6 69.Rh6+ Kc7 70.Rh7+ Kd6 71.Rh6+  1/2-1/2

[Event "BCF-ch"]
[Site "Norwich"]
[Date "1994.??.??"]
[Round "10"]
[White "Cooper, Lawrence"]
[Black "Walker, David"]
[Result "1/2-1/2"]
[WhiteElo "2310"]
[BlackElo "2300"]

1.d4 Nf6 2.Bg5 Ne4 3.Bf4 d5 4.f3 Nf6 5.Nc3 e6 6.e4 Bb4 7.a3 Bxc3+ 8.bxc3 c5
9.e5 Ng8 10.Be3 Ne7 11.f4 Qa5 12.Qd2 Nf5 13.Bf2 cxd4 14.cxd4 Qxd2+ 15.Kxd2 Nc6
16.Nf3 Na5 17.Bd3 Bd7 18.Ke2 Rc8 19.Rhb1 Rc7 20.Be1 Nc4 21.Bd2 Ne7 22.a4 f5
23.h4  1/2-1/2

[Event "Novi Sad m"]
[Site "Novi Sad"]
[Date "1994.??.??"]
[Round "1"]
[White "Miladinovic, Igor"]
[Black "Popovic, Petar"]
[Result "1/2-1/2"]
[WhiteElo "2480"]
[BlackElo "2525"]

1.d4 Nf6 2.Bg5 Ne4 3.h4 d5 4.Nd2 Bf5 5.Nxe4 Bxe4 6.f3 h6 7.fxe4 hxg5 8.Nf3 g4
9.Ne5 e6 10.Qd3 dxe4 11.Qxe4 Rxh4 12.Qxb7 Rxh1 13.Qxa8 Bd6 14.g3 c6 15.Qb7 Qf6
16.Qc8+ Ke7 17.Qb7+ Ke8  1/2-1/2

[Event "Novi Sad m"]
[Site "Novi Sad"]
[Date "1994.??.??"]
[Round "3"]
[White "Miladinovic, Igor"]
[Black "Popovic, Petar"]
[Result "1/2-1/2"]
[WhiteElo "2480"]
[BlackElo "2525"]

1.d4 Nf6 2.Bg5 Ne4 3.h4 d5 4.Nd2 Bf5 5.Nxe4 Bxe4 6.f3 h6 7.Bf4 Bh7 8.c3 e6
9.Qb3 b6 10.Qa4+ Qd7 11.Qxd7+ Kxd7 12.h5 c5 13.e3 a6 14.Kd2 Nc6 15.Bd3 Bxd3
16.Kxd3 Be7 17.Ne2 Rhc8 18.e4 cxd4 19.exd5  1/2-1/2

[Event "Novi Sad m"]
[Site "Novi Sad"]
[Date "1994.??.??"]
[Round "5"]
[White "Miladinovic, Igor"]
[Black "Popovic, Petar"]
[Result "1/2-1/2"]
[WhiteElo "2480"]
[BlackElo "2525"]

1.d4 Nf6 2.Bg5 Ne4 3.h4 d5 4.Nd2 Bf5 5.Nxe4 Bxe4 6.f3 h6 7.fxe4 hxg5 8.Nf3 g4
9.Ne5 e6 10.Qd3 Nd7 11.O-O-O Nxe5 12.dxe5 c6 13.exd5 Qxd5 14.e4  1/2-1/2